An Introduction to Business Mathematics / (Record no. 82380)
[ view plain ]
| 000 -LEADER | |
|---|---|
| fixed length control field | 00725nam a2200241 a 4500 |
| 001 - CONTROL NUMBER | |
| control field | 82380 |
| 003 - CONTROL NUMBER IDENTIFIER | |
| rucl marc code | BD-RjUL |
| 005 - DATE AND TIME OF LATEST TRANSACTION | |
| control field | 20231130114252.0 |
| 008 - FIXED-LENGTH DATA ELEMENTS--GENERAL INFORMATION | |
| fixed length control field | 231130r20212018ii ||||| |||| 00| 0 eng d |
| 020 ## - INTERNATIONAL STANDARD BOOK NUMBER | |
| International Standard Book Number | 9788121914635 |
| 035 ## - SYSTEM CONTROL NUMBER | |
| System control number | (BD-RjUL)82380 |
| 040 ## - CATALOGING SOURCE | |
| Original cataloging agency | BD-RjUL |
| Language of cataloging | eng |
| Transcribing agency | BD-RjUL |
| 041 ## - LANGUAGE CODE | |
| Language code of text/sound track or separate title | eng |
| 082 ## - DEWEY DECIMAL CLASSIFICATION NUMBER | |
| Edition number | 23 |
| Classification number | 650.01513 |
| Author mark and year | SUI 2021 |
| 100 ## - MAIN ENTRY--PERSONAL NAME | |
| Personal name | Sundaresan, V. |
| 9 (RLIN) | 10263 |
| 245 ## - TITLE STATEMENT | |
| Title | An Introduction to Business Mathematics / |
| Statement of responsibility, etc. | V. Sundaresan, S. D. Jeyaseelan |
| 250 ## - EDITION STATEMENT | |
| Edition statement | Subsequent ed. |
| 260 ## - PUBLICATION, DISTRIBUTION, ETC. (IMPRINT) | |
| Place of publication, distribution, etc. | Nw Delhi : |
| Name of publisher, distributor, etc. | S. Chand and Company, |
| Date of publication, distribution, etc. | 2018 [reprint 2021] |
| 300 ## - PHYSICAL DESCRIPTION | |
| Pagination | vii,453 p.: |
| Illustrations | ill.; |
| Size | 22 cm. |
| 650 ## - SUBJECT ADDED ENTRY--TOPICAL TERM | |
| Topical term or geographic name as entry element | Business mathematics |
| 9 (RLIN) | 10264 |
| 700 ## - ADDED ENTRY--PERSONAL NAME | |
| Personal name | Jeyaseelan, S. D. |
| 942 ## - ADDED ENTRY ELEMENTS (KOHA) | |
| Source of classification or shelving scheme | Dewey Decimal Classification |
| Koha item type | Books |
| Lost status | Source of classification or shelving scheme | Damaged status | Not for loan | Collection code | Permanent Location | Current Location | Shelving location | Date acquired | Source of acquisition | Cost, normal purchase price | Total Checkouts | Full call number | Date last seen | Copy number | Koha item type |
|---|---|---|---|---|---|---|---|---|---|---|---|---|---|---|---|
| Dewey Decimal Classification | Not For Loan | Non-fiction | Central Library, University of Rajshahi | Central Library, University of Rajshahi | General Stacks | 09/10/2023 | Dhaka : Ahsania Mission Book | 1020.00 | 650.01513 SUI 2021 | 30/11/2023 | C-1 | Books | |||
| Dewey Decimal Classification | Non-fiction | Central Library, University of Rajshahi | Central Library, University of Rajshahi | General Stacks | 09/10/2023 | Dhaka : Ahsania Mission Book | 1020.00 | 650.01513 SUI 2021 | 30/11/2023 | C-2 | Books | ||||
| Dewey Decimal Classification | Non-fiction | Central Library, University of Rajshahi | Central Library, University of Rajshahi | General Stacks | 09/10/2023 | Dhaka : Ahsania Mission Book | 1020.00 | 650.01513 SUI 2021 | 30/11/2023 | C-3 | Books |